The law of arbitrations (Record no. 98865)
[ view plain ]
| 000 -LEADER | |
|---|---|
| fixed length control field | 00506cam a2200181 4500 |
| 001 - CONTROL NUMBER | |
| control field | D11119 |
| 008 - FIXED-LENGTH DATA ELEMENTS--GENERAL INFORMATION | |
| fixed length control field | 090401t1984 xxu||||| |||| 00| 0 eng d |
| 035 ## - SYSTEM CONTROL NUMBER | |
| System control number | (Sirsi) u97365 |
| 041 ## - LANGUAGE CODE | |
| Language code of text/sound track or separate title | eng |
| 050 ## - LIBRARY OF CONGRESS CALL NUMBER | |
| Classification number | 347.4109 |
| 100 ## - MAIN ENTRY--PERSONAL NAME | |
| Personal name | Mildred, R.H. |
| 245 #4 - TITLE STATEMENT | |
| Title | The law of arbitrations |
| 260 ## - PUBLICATION, DISTRIBUTION, ETC. | |
| Date of publication, distribution, etc. | 1984 |
| 350 ## - PRICE (NR) (BK AM CF MU VM SE) [OBSOLETE] | |
| Price | 0 |
| 520 ## - SUMMARY, ETC. | |
| Summary, etc. | In RICS Building Surveyors` Division. Building surveyors` weekend briefing University of Warwick. 30 March - 1 April 1984. 1984/9 AB |
| 942 ## - ADDED ENTRY ELEMENTS (KOHA) | |
| Suppress in OPAC | 0 |
| 948 ## - LOCAL PROCESSING INFORMATION (OCLC); SERIES PART DESIGNATOR (RLIN) | |
| c (OCLC) | 04/03/1997 |
| Withdrawn status | Lost status | Source of classification or shelving scheme | Damaged status | Not for loan | Home library | Current library | Shelving location | Date acquired | Total Checkouts | Full call number | Barcode | Date last seen | Copy number | Price effective from | Koha item type |
|---|---|---|---|---|---|---|---|---|---|---|---|---|---|---|---|
| Other/Generic Classification Scheme | London | London | RICS Boxes | 24/09/2002 | RICS 1984/9 | 97365-1001 | 06/08/2019 | 1 | 06/08/2019 | Reference material |